[Event "Bisaccia op 2nd"]
[Site "Bisaccia"]
[Date "2010.05.30"]
[Round "2"]
[White "Ciavarra, Luigi"]
[Black "Cardone, Andrea"]
[Result "1-0"]
[WhiteElo "1960"]
[BlackElo "1503"]
[PlyCount "115"]
[EventDate "2010.05.29"]
[EventType "swiss"]
[EventRounds "7"]
[EventCountry "ITA"]
[SourceTitle "EXT 2024"]
[Source "ChessBase"]
[SourceDate "2023.10.10"]
[SourceVersion "1"]
[SourceVersionDate "2023.10.10"]
[SourceQuality "1"]

1. d4 Nf6 2. c4 g6 3. Nc3 Bg7 4. e4 d6 5. Bg5 0-0 6. Nf3 Bg4 7. Be2 c6 8. Qd2 Bxf3 9. Bxf3 e5 10. Rc1 Nbd7 11. d5 c5 12. h4 Qb6 13. h5 Rfe8 14. g4 Nf8 15. Rb1 a6 16. Qe3 Qb4 17. Be2 Qa5 18. Kf1 Rab8 19. a4 Qc7 20. Qh3 Qd7 21. Qh4 Qe7 22. h6 Bh8 23. Rh3 b6 24. Rf3 N8d7 25. Bd1 a5 26. Nb5 Qf8 27. Bxf6 Nxf6 28. Rxf6 Bxf6 29. Qxf6 Qxh6 30. Nxd6 Qh3+ 31. Ke1 Rf8 32. Bf3 Qh2 33. Ke2 Qf4 34. Qh4 Rbd8 35. Qe7 h6 36. Rg1 Qg5 37. Qc7 Rb8 38. Rg3 Qd8 39. Qxd8 Rbxd8 40. Nb5 Kg7 41. g5 h5 42. Bg2 f6 43. Nc7 Rd7 44. Ne6+ Kf7 45. Nxf8 Kxf8 46. Bh3 Rd6 47. Be6 Kg7 48. gxf6+ Kxf6 49. Rf3+ Kg5 50. Rf7 h4 51. Rd7 Rxd7 52. Bxd7 Kf6 53. d6 Kf7 54. Kf3 g5 55. Kg4 Kf8 56. f3 Kg7 57. Kxg5 h3 58. Bxh3 1-0

[Event "Bisaccia op 2nd"]
[Site "Bisaccia"]
[Date "2010.05.29"]
[Round "1"]
[White "Kizov, Atanas"]
[Black "Ciavarra, Luigi"]
[Result "1-0"]
[WhiteElo "2394"]
[BlackElo "1960"]
[PlyCount "61"]
[EventDate "2010.05.29"]
[EventType "swiss"]
[EventRounds "7"]
[EventCountry "ITA"]
[SourceTitle "EXT 2024"]
[Source "ChessBase"]
[SourceDate "2023.10.10"]
[SourceVersion "1"]
[SourceVersionDate "2023.10.10"]
[SourceQuality "1"]

1. d4 Nf6 2. c4 e6 3. g3 d5 4. Nf3 c6 5. Nbd2 Be7 6. Bg2 0-0 7. 0-0 Nbd7 8. Qc2 b6 9. e4 dxe4 10. Nxe4 Bb7 11. Rd1 Qc8 12. Bf4 Nxe4 13. Qxe4 Nf6 14. Qe2 Re8 15. Bh3 Bf8 16. Ne5 g6 17. Qf3 Nd7 18. Bg2 Nxe5 19. Bxe5 Bg7 20. Bxg7 Kxg7 21. b4 Re7 22. c5 Qc7 23. a4 Rd8 24. Rac1 e5 25. d5 Rxd5 26. Rxd5 cxd5 27. c6 d4 28. b5 Bc8 29. Qd5 Bf5 30. Be4 Bxe4 31. Qd6 1-0

[Event "Bisaccia op"]
[Site "Bisaccia"]
[Date "2009.05.30"]
[Round "2"]
[White "Consalvo, Gerardo"]
[Black "Ciavarra, Luigi"]
[Result "0-1"]
[WhiteElo "2051"]
[BlackElo "1974"]
[PlyCount "85"]
[EventDate "2009.05.29"]
[EventType "swiss"]
[EventRounds "7"]
[EventCountry "ITA"]
[SourceTitle "EXT 2011"]
[Source "ChessBase"]
[SourceDate "2010.11.26"]
[SourceVersion "1"]
[SourceVersionDate "2010.11.26"]
[SourceQuality "1"]

1. e4 c5 2. c3 e6 3. d3 Nc6 4. Nf3 d5 5. Nbd2 Nf6 6. g3 Be7 7. Bg2 0-0 8. 0-0 Qc7 9. Re1 Rd8 10. Qe2 b6 11. e5 Nd7 12. Nf1 Ba6 13. Bf4 Nf8 14. h4 Rac8 15. h5 b5 16. N1h2 d4 17. Ng4 dxc3 18. bxc3 b4 19. c4 Nd4 20. Nxd4 Rxd4 21. Be3 Rdd8 22. Nf6+ gxf6 23. Qg4+ Ng6 24. hxg6 hxg6 25. Bh6 Bb7 26. Bxb7 Qxb7 27. Qe2 a5 28. Qb2 Kh7 29. Qd2 Rh8 30. Re4 Rcd8 31. Qe3 Kg8 32. Kg2 a4 33. f3 b3 34. axb3 axb3 35. Qc1 Rxh6 36. Ra3 Qb4 37. Qxh6 Qxa3 38. Re1 Qb2+ 39. Kh3 Qf2 40. Re3 Qf1+ 41. Kg4 Rxd3 42. Rxd3 Qxd3 43. Qc1 0-1

[Event "Bisaccia op"]
[Site "Bisaccia"]
[Date "2009.05.29"]
[Round "1"]
[White "Ciavarra, Luigi"]
[Black "Quimi, Marco"]
[Result "0-1"]
[WhiteElo "1974"]
[BlackElo "2242"]
[PlyCount "110"]
[EventDate "2009.05.29"]
[EventType "swiss"]
[EventRounds "7"]
[EventCountry "ITA"]
[SourceTitle "EXT 2011"]
[Source "ChessBase"]
[SourceDate "2010.11.26"]
[SourceVersion "1"]
[SourceVersionDate "2010.11.26"]
[SourceQuality "1"]

1. e4 c5 2. Nc3 Nc6 3. Nf3 g6 4. g3 Bg7 5. Bg2 Nf6 6. d3 0-0 7. 0-0 Rb8 8. Bf4 d6 9. Qd2 Re8 10. Rfe1 Nd7 11. Rab1 b5 12. Bh6 Bh8 13. h4 b4 14. Nd1 Qa5 15. Ra1 Qb6 16. h5 Ba6 17. hxg6 hxg6 18. Rb1 c4 19. dxc4 Bxc4 20. b3 Ba6 21. c4 bxc3 22. Nxc3 Nb4 23. Be3 Qb7 24. e5 d5 25. e6 fxe6 26. Nh4 Nf8 27. Bh6 Qc8 28. Na4 Qc2 29. Qe3 d4 30. Qe4 Bd3 31. Qg4 Bf5 32. Nxf5 exf5 33. Qd1 Qxd1 34. Rbxd1 e5 35. Nc5 e4 36. Bxf8 Rxf8 37. Ne6 Nc2 38. Nxf8 Kxf8 39. Rxe4 fxe4 40. Bxe4 Nb4 41. Bxg6 Nd5 42. Kg2 Bf6 43. Bf5 Re8 44. Rd2 a5 45. g4 Re1 46. g5 Bh8 47. Rc2 d3 48. Rd2 Bc3 49. Rxd3 Nf4+ 50. Kg3 Nxd3 51. Bxd3 Ra1 52. f4 Rxa2 53. f5 Bd2 54. Kg4 Rb2 55. g6 Kg7 0-1